000 00507nam a2200157 4500
008 s1992 fr fre u
040 _aLB-BrCRDP
082 1 _a515.3
_bDes
100 1 _aDescaves, Alain
245 1 0 _aComprendre des énoncés, résoudre des problèmes
_cAlain Descaves
260 _aParis
_bHachette éducation
_c1992
490 1 _aPédagogies pour demain
830 0 _aPédagogies pour demain
_p Didactiques 1er degré
942 _cBK
999 _c7194
_d7194